[Event "FIN-ch op"]
[Site "Mantta"]
[Date "2011.07.31"]
[Round "9"]
[White "Loyttyniemi, Marko"]
[Black "Niivee, Aki"]
[Result "1-0"]
[WhiteElo "1589"]
[BlackElo "1572"]
[PlyCount "79"]
[EventDate "2011.07.25"]
[EventType "swiss"]
[EventRounds "9"]
[EventCountry "FIN"]
[SourceTitle "EXT 2022"]
[Source "ChessBase"]
[SourceDate "2021.10.06"]
[SourceVersion "1"]
[SourceVersionDate "2021.10.06"]
[SourceQuality "1"]

1. e4 c5 2. Bc4 Nc6 3. d3 Nf6 4. Nc3 g6 5. Nf3 d6 6. Ng5 e6 7. 0-0 Bg7 8. Ne2 0-0 9. c3 d5 10. exd5 exd5 11. Bb3 h6 12. Nf3 Re8 13. Be3 b6 14. d4 Bg4 15. dxc5 Bxf3 16. gxf3 bxc5 17. Bxc5 Qd7 18. Nf4 Re5 19. Qd2 Rg5+ 20. Kh1 Rd8 21. Rg1 Re5 22. Rg2 Rde8 23. Be3 g5 24. Rag1 Na5 25. Nd3 R5e7 26. f4 Ne4 27. Qd1 f6 28. fxg5 fxg5 29. Ba4 Nc6 30. Nb4 Re6 31. Bxc6 Rxc6 32. Nxc6 Qxc6 33. h4 Rf8 34. hxg5 hxg5 35. Qg4 Qh6+ 36. Rh2 Qf6 37. f4 a6 38. Bd4 Qxf4 39. Qxf4 gxf4 40. Rxg7# 1-0

[Event "FIN-ch op"]
[Site "Mantta"]
[Date "2011.07.29"]
[Round "7"]
[White "Nisula, Timo"]
[Black "Niivee, Aki"]
[Result "1-0"]
[WhiteElo "1981"]
[BlackElo "1572"]
[PlyCount "91"]
[EventDate "2011.07.25"]
[EventType "swiss"]
[EventRounds "9"]
[EventCountry "FIN"]
[SourceTitle "EXT 2022"]
[Source "ChessBase"]
[SourceDate "2021.10.06"]
[SourceVersion "1"]
[SourceVersionDate "2021.10.06"]
[SourceQuality "1"]

1. e4 c5 2. Nf3 Nc6 3. d4 cxd4 4. Nxd4 Nf6 5. Nc3 d6 6. Bg5 e5 7. Nf3 Be7 8. Be2 Be6 9. 0-0 0-0 10. Qd2 d5 11. Bxf6 d4 12. Bxe7 Qxe7 13. Nd5 Qd8 14. Nb4 f6 15. Nd3 Rc8 16. Nfe1 g5 17. Nc5 Qe7 18. Nxe6 Qxe6 19. Qd1 Qe7 20. Bg4 Rc7 21. a3 Rd8 22. Nd3 a5 23. g3 b6 24. Kg2 Qg7 25. Rh1 Kf8 26. h4 h6 27. hxg5 fxg5 28. b4 Ne7 29. bxa5 bxa5 30. Rb1 Qf6 31. Rb5 Nc6 32. Nc5 Rd6 33. Nd3 Kg7 34. Bf5 a4 35. Qb1 Qe7 36. Qb2 Rf6 37. g4 Rf7 38. Rb1 Qd6 39. Rd5 Qf6 40. Rb5 Rfe7 41. Rb6 Qf7 42. Qb5 Qe8 43. Qxa4 Rf7 44. Nb4 Rf6 45. Nd5 Ra7 46. Nxf6 1-0

[Event "FIN-ch op"]
[Site "Mantta"]
[Date "2011.07.28"]
[Round "5"]
[White "Riihimaki, Pekka"]
[Black "Niivee, Aki"]
[Result "1-0"]
[WhiteElo "1971"]
[BlackElo "1572"]
[PlyCount "89"]
[EventDate "2011.07.25"]
[EventType "swiss"]
[EventRounds "9"]
[EventCountry "FIN"]
[SourceTitle "EXT 2022"]
[Source "ChessBase"]
[SourceDate "2021.10.06"]
[SourceVersion "1"]
[SourceVersionDate "2021.10.06"]
[SourceQuality "1"]

1. e4 c5 2. Nf3 Nc6 3. d4 cxd4 4. Nxd4 Nf6 5. Nc3 g6 6. Be3 Bg7 7. Bc4 0-0 8. f3 Ne5 9. Bb3 d6 10. Qd2 Nfd7 11. 0-0-0 Nc5 12. h4 Nxb3+ 13. axb3 h5 14. g4 Qa5 15. Kb1 Nc6 16. gxh5 Nxd4 17. Bxd4 Bxd4 18. Qxd4 Qxh5 19. Nd5 Re8 20. Nc7 Bd7 21. Nxe8 Bxe8 22. f4 Qc5 23. Qxc5 dxc5 24. h5 Bc6 25. hxg6 Bxe4 26. gxf7+ Kxf7 27. Rhe1 Bf5 28. Re5 e6 29. Rd7+ Kg6 30. Rxb7 Rc8 31. Rxa7 c4 32. b4 c3 33. Rc5 Rb8 34. bxc3 Rh8 35. b5 Rh2 36. Ra2 Rh7 37. b6 Rb7 38. Rb2 Kf6 39. Rc7 Be4 40. Rb4 Bg2 41. c4 e5 42. c5 exf4 43. Rxf4+ Ke5 44. Rxb7 Bxb7 45. Rf7 1-0

[Event "FIN-ch op"]
[Site "Mantta"]
[Date "2011.07.27"]
[Round "4"]
[White "Niivee, Aki"]
[Black "Makelalammi, Kai"]
[Result "1-0"]
[WhiteElo "1572"]
[BlackElo "1525"]
[PlyCount "71"]
[EventDate "2011.07.25"]
[EventType "swiss"]
[EventRounds "9"]
[EventCountry "FIN"]
[SourceTitle "EXT 2022"]
[Source "ChessBase"]
[SourceDate "2021.10.06"]
[SourceVersion "1"]
[SourceVersionDate "2021.10.06"]
[SourceQuality "1"]

1. d4 d5 2. Nf3 h6 3. c4 e6 4. Nc3 Bb4 5. Qc2 Ne7 6. Bf4 Nbc6 7. e3 a5 8. Bd3 Bxc3+ 9. bxc3 b6 10. 0-0 Ba6 11. Nd2 Qd7 12. Rfc1 Bb7 13. Rab1 a4 14. c5 Na5 15. cxb6 cxb6 16. Rxb6 Rc8 17. Rd6 Qxd6 18. Bxd6 Nf5 19. Bxf5 Rd8 20. Bc7 exf5 21. Bxa5 Rc8 22. Qxa4+ Bc6 23. Qb4 Kd7 24. a4 Rb8 25. Qc5 Rb7 26. Bb6 Ra8 27. a5 f4 28. c4 fxe3 29. fxe3 Re8 30. Kf2 Re6 31. cxd5 Rf6+ 32. Nf3 Rxf3+ 33. gxf3 Ba4 34. Qc6+ Bxc6 35. dxc6+ Ke6 36. cxb7 1-0